000 00242nam a2200097Ia 4500
001 792135
005 20250826170623.0
008 250824s9999 xx 000 0 und d
245 0 _aNEMİDE
_cHALİD ZİYA UŞAKLIGİL
260 _bÖZGÜR YAYINLARI
999 _c792135
_d792135